000 00438nam a2200181Ia 4500
008 090124s9999 xx 000 0 und d
082 _b121782
100 _aथोरे अशोक
245 _a लालसा
250 _a1
260 _c1986
300 _a230
600 _aथोरे अशोक
630 _a लालसा
700 _aथोरे अशोक
730 _a लालसा
942 _cBOOK
999 _c167868
_d167868